00783cam a22001818i 4500020001800000082002200018100002100040245003700061250001900098260004300117300002200160500002000182505010200202520021600304650001300520650003000533650003800563 a978184792806100a323.440 973 SNY/O1 aSnyder, Timothy,10aOn freedom /cby Timothy Snyder. aFirst edition. a. - UKb: Penguin Random housec, 2024 a1 online resource aIncludes index.0 aFreedom -- Sovereignty -- Unpredictability -- Mobility -- Factuality -- Solidarity -- Government. a"A brilliant exploration of freedom-what it is, how it's been misunderstood, and why it's our only chance for survival-by the acclaimed Yale historian and author of the #1 New York Times bestseller On Tyranny"-- 0aLiberty. 0aDemocracyzUnited States. 0aPolitical culturezUnited States.